[Event "ITA-ch (Women) 36th"]
[Site "Bratto"]
[Date "2009.08.26"]
[Round "6"]
[White "Arnetta, Maria Teresa"]
[Black "Chierici, Marianna"]
[Result "1/2-1/2"]
[WhiteElo "2031"]
[BlackElo "2021"]
[PlyCount "119"]
[EventDate "2009.08.21"]
[EventType "swiss"]
[EventRounds "9"]
[EventCountry "ITA"]
[SourceTitle "EXT 1999"]
[Source "ChessBase"]
[SourceDate "1998.11.16"]
[SourceVersion "1"]
[SourceVersionDate "1998.11.16"]
[SourceQuality "1"]

1. d4 c5 2. d5 Nf6 3. Nc3 g6 4. e4 d6 5. f4 Nbd7 6. Nf3 Bg7 7. e5 dxe5 8. fxe5 Ng4 9. e6 Nde5 10. Bb5+ Kf8 11. h3 a6 12. hxg4 axb5 13. Nxe5 Bxe5 14. Qf3 Bxc3+ 15. bxc3 f6 16. Qd3 Qd6 17. Bh6+ Kg8 18. Qxb5 Bxe6 19. dxe6 Qxe6+ 20. Kf2 Qxg4 21. Qxb7 Qf5+ 22. Kg1 Kf7 23. Re1 Rae8 24. Be3 h5 25. c4 Rd8 26. Rh3 Rhe8 27. Qb6 Qxc2 28. Bxc5 Rd2 29. Qe6+ Kg7 30. Rg3 h4 31. Rg4 Rd1 32. Rxh4 Rxe1+ 33. Qxe1 e5 34. a3 e4 35. Be3 g5 36. Rg4 Qxc4 37. Qa5 Qe2 38. Qa7+ Kg6 39. Rg3 Qd1+ 40. Kh2 g4 41. Bh6 Kxh6 42. Qf7 Rh8 43. Qxf6+ Kh7 44. Qf7+ Kh6 45. Qf6+ Kh7 46. Re3 Kg8+ 47. Kg3 Rh3+ 48. gxh3 Qg1+ 49. Kf4 Qf2+ 50. Ke5 Qxe3 51. Qg6+ Kf8 52. hxg4 Qc5+ 53. Kf4 Qf2+ 54. Kg5 Qe3+ 55. Kf5 Qc5+ 56. Kf4 Qf2+ 57. Kg5 Qe3+ 58. Kh4 Qf2+ 59. Kh5 Qh2+ 60. Kg5 1/2-1/2

[Event "ITA-ch (Women) 36th"]
[Site "Bratto"]
[Date "2009.08.24"]
[Round "4"]
[White "Panella, Fiammetta"]
[Black "Chierici, Marianna"]
[Result "0-1"]
[WhiteElo "1996"]
[BlackElo "2021"]
[PlyCount "52"]
[EventDate "2009.08.21"]
[EventType "swiss"]
[EventRounds "9"]
[EventCountry "ITA"]
[SourceTitle "EXT 1999"]
[Source "ChessBase"]
[SourceDate "1998.11.16"]
[SourceVersion "1"]
[SourceVersionDate "1998.11.16"]
[SourceQuality "1"]

1. e4 c5 2. Nf3 Nc6 3. d4 cxd4 4. Nxd4 e5 5. Nb5 d6 6. N1c3 a6 7. Na3 Be6 8. Nc4 Be7 9. Nd5 Bxd5 10. exd5 Na7 11. Bd2 Rb8 12. a4 Nf6 13. Be3 Nc8 14. Be2 b5 15. axb5 Rxb5 16. Rxa6 Rxd5 17. Qa1 0-0 18. 0-0 e4 19. Nb6 Nxb6 20. Bxb6 Qc8 21. c4 Rg5 22. Qa3 d5 23. c5 d4 24. Rc1 d3 25. Bf1 Qg4 26. Qb3 Qf4 0-1

[Event "ITA-ch (Women) 36th"]
[Site "Bratto"]
[Date "2009.08.22"]
[Round "2"]
[White "Chierici, Marianna"]
[Black "Chiarion, Elisa"]
[Result "1-0"]
[WhiteElo "2021"]
[BlackElo "1904"]
[PlyCount "41"]
[EventDate "2009.08.21"]
[EventType "swiss"]
[EventRounds "9"]
[EventCountry "ITA"]
[SourceTitle "EXT 1999"]
[Source "ChessBase"]
[SourceDate "1998.11.16"]
[SourceVersion "1"]
[SourceVersionDate "1998.11.16"]
[SourceQuality "1"]

1. Nf3 d5 2. c4 e6 3. g3 c6 4. Bg2 Nf6 5. 0-0 Nbd7 6. b3 Bd6 7. cxd5 exd5 8. Bb2 0-0 9. d4 Re8 10. Nbd2 Qc7 11. Rc1 Ne4 12. Nxe4 dxe4 13. Nd2 f5 14. Nc4 Be7 15. d5 Bf6 16. dxc6 bxc6 17. Bxf6 Nxf6 18. Qd6 Qd7 19. Rfd1 Re6 20. Qc5 Qc7 21. Qxf5 1-0

[Event "Pedavena op 5th"]
[Site "Pedavena"]
[Date "2009.07.28"]
[Round "2"]
[White "Rombaldoni, Axel"]
[Black "Chierici, Marianna"]
[Result "1-0"]
[WhiteElo "2425"]
[BlackElo "2021"]
[PlyCount "93"]
[EventDate "2009.07.27"]
[EventType "swiss"]
[EventRounds "7"]
[EventCountry "ITA"]
[SourceTitle "EXT 2012"]
[Source "ChessBase"]
[SourceDate "2011.11.24"]
[SourceVersion "1"]
[SourceVersionDate "2011.11.24"]
[SourceQuality "1"]

1. e4 c5 2. Nf3 Nc6 3. Nc3 d6 4. d4 cxd4 5. Nxd4 e5 6. Nf5 Bxf5 7. exf5 Qd7 8. g4 h5 9. g5 Qxf5 10. Be3 0-0-0 11. h4 Kb8 12. Bh3 Qh7 13. Bg2 f5 14. Rh3 Nge7 15. f4 e4 16. b4 d5 17. Ne2 g6 18. b5 Na5 19. Bd4 Bg7 20. Qd2 b6 21. 0-0-0 Rhe8 22. Kb1 Qh8 23. Bxg7 Qxg7 24. Nd4 Rc8 25. Bf1 Qf7 26. Qb4 Rc5 27. Rc3 Rxc3 28. Qxc3 Rc8 29. Qb2 Rc5 30. Nb3 Nxb3 31. axb3 Qe6 32. Qf6 Qd7 33. c4 Rc7 34. Qe5 Nc8 35. Be2 d4 36. Rxd4 Qe7 37. Qxe7 Rxe7 38. Rd8 Kc7 39. Rg8 Re6 40. Rg7+ Kd6 41. b4 Ne7 42. Kc2 e3 43. Kd3 Re4 44. Bd1 Kd7 45. c5 Rxb4 46. c6+ Kd6 47. c7 1-0

[Event "Bergamo op"]
[Site "Bergamo"]
[Date "2009.03.14"]
[Round "2"]
[White "Massironi, Marco"]
[Black "Chierici, Marianna"]
[Result "1-0"]
[WhiteElo "2182"]
[BlackElo "2006"]
[PlyCount "51"]
[EventDate "2009.03.13"]
[EventType "swiss"]
[EventRounds "5"]
[EventCountry "ITA"]
[SourceTitle "CBM 129 Extra"]
[Source "ChessBase"]
[SourceDate "2009.05.05"]
[SourceVersion "2"]
[SourceVersionDate "2009.05.20"]
[SourceQuality "1"]

1. e4 c5 2. Nf3 Nc6 3. d4 cxd4 4. Nxd4 e5 5. Nb5 d6 6. N1c3 a6 7. Na3 Be6 8. Nc4 Be7 9. Nd5 b5 10. Nce3 Nf6 11. Bd3 Bxd5 12. Nxd5 Nxd5 13. exd5 Na5 14. Qg4 0-0 15. a4 Nb7 16. axb5 Nc5 17. bxa6 Qb6 18. Qe2 e4 19. Bc4 Bf6 20. 0-0 Bxb2 21. Rb1 Na4 22. Bxb2 Nxb2 23. Bb3 Qd4 24. c3 Qxc3 25. Qxb2 Qd3 26. Qc2 1-0

[Event "EU-ch U18 Girls 18th"]
[Site "Herceg Novi"]
[Date "2008.09.18"]
[Round "4"]
[White "Nemcova, Katerina"]
[Black "Chierici, Marianna"]
[Result "1-0"]
[WhiteElo "2372"]
[BlackElo "2037"]
[PlyCount "141"]
[EventDate "2008.09.15"]
[EventType "swiss"]
[EventRounds "9"]
[EventCountry "MNE"]
[SourceTitle "CBM 126 Extra"]
[Source "ChessBase"]
[SourceDate "2008.11.05"]
[SourceVersion "1"]
[SourceVersionDate "2008.11.05"]
[SourceQuality "1"]

1. e4 c5 2. Nf3 Nc6 3. d4 cxd4 4. Nxd4 e5 5. Nb5 d6 6. N1c3 a6 7. Na3 Be6 8. Nc4 Be7 9. Be3 b5 10. Nb6 Rb8 11. Nbd5 Nf6 12. a4 bxa4 13. Bxa6 Rxb2 14. 0-0 0-0 15. Nxa4 Rb8 16. Bb6 Qd7 17. Bb5 Rfc8 18. Nb4 Nxe4 19. Nxc6 Rxc6 20. f3 Nf6 21. Bxc6 Qxc6 22. Bf2 Rb4 23. c3 Rb8 24. Qd2 Nd5 25. Nb2 Qxc3 26. Qxc3 Nxc3 27. Na4 Ne2+ 28. Kh1 Nf4 29. Rab1 Rxb1 30. Rxb1 h6 31. Nc3 Nd3 32. Ba7 f5 33. Rb7 Kf7 34. Bb8 Nc5 35. Ra7 Kf6 36. Nb5 e4 37. Rxe7 Kxe7 38. Bxd6+ Kd7 39. Bxc5 exf3 40. gxf3 Bd5 41. Nd4 Ke8 42. Nxf5 Bxf3+ 43. Kg1 Kf7 44. Bd4 Bg4 45. Nxg7 Kg6 46. Ne8 Kf5 47. Kf2 Bd1 48. Kg3 Be2 49. Be3 Kg6 50. Kh4 Bf1 51. Bd4 Bd3 52. Nf6 Be2 53. Ng4 Bb5 54. Be3 h5 55. Nf2 Be2 56. Nh3 Bf3 57. Nf4+ Kh6 58. Nd3+ Kg7 59. Kg5 Be2 60. Nf4 Bf3 61. Nxh5+ Kf7 62. Bd4 Be2 63. h4 Bd1 64. Ng3 Ke6 65. Nf5 Bc2 66. Nh6 Bd1 67. Ng4 Bc2 68. Ne3 Be4 69. h5 Bh7 70. Kh6 Be4 71. Kg7 1-0

[Event "EU-ch U18 Girls 18th"]
[Site "Herceg Novi"]
[Date "2008.09.16"]
[Round "2"]
[White "Ozturk Orenli, Kubra"]
[Black "Chierici, Marianna"]
[Result "1-0"]
[WhiteElo "2188"]
[BlackElo "2037"]
[PlyCount "57"]
[EventDate "2008.09.15"]
[EventType "swiss"]
[EventRounds "9"]
[EventCountry "MNE"]
[SourceTitle "CBM 126 Extra"]
[Source "ChessBase"]
[SourceDate "2008.11.05"]
[SourceVersion "1"]
[SourceVersionDate "2008.11.05"]
[SourceQuality "1"]

1. d4 f5 2. c4 Nf6 3. Nf3 e6 4. g3 d5 5. Bg2 c6 6. 0-0 Bd6 7. Bf4 Bxf4 8. gxf4 0-0 9. e3 b6 10. Ne5 Nfd7 11. Nxc6 Nxc6 12. cxd5 Ne7 13. dxe6 Nf6 14. Bxa8 Bxe6 15. Bg2 Ng6 16. Nc3 Nh4 17. h3 h6 18. Qe2 Bf7 19. Rac1 Kh8 20. Rc2 Re8 21. Rfc1 Nh5 22. Qf1 g5 23. fxg5 Qxg5 24. f4 Qg3 25. Qf2 Rxe3 26. Ne2 Rxe2 27. Rxe2 Nxg2 28. Qxg3 Nxg3 29. Rxg2 1-0

[Event "ITA-ch (Women)"]
[Site "Bratto"]
[Date "2008.08.30"]
[Round "9"]
[White "Chierici, Marianna"]
[Black "Fittante, Giuliana"]
[Result "1-0"]
[WhiteElo "2037"]
[BlackElo "1833"]
[PlyCount "93"]
[EventDate "2008.08.22"]
[EventType "swiss"]
[EventRounds "9"]
[EventCountry "ITA"]
[SourceTitle "CBM 126 Extra"]
[Source "ChessBase"]
[SourceDate "2008.11.05"]
[SourceVersion "1"]
[SourceVersionDate "2008.11.05"]
[SourceQuality "1"]

1. e4 Nf6 2. e5 Nd5 3. d4 d6 4. Nf3 Bg4 5. c4 Nb6 6. exd6 exd6 7. Bd3 Nc6 8. Be3 Be7 9. Nc3 Bf6 10. Ne2 Qe7 11. 0-0 Bxf3 12. gxf3 0-0 13. Rc1 Rad8 14. Kh1 Rfe8 15. Qc2 g6 16. a3 Bg7 17. Rg1 d5 18. c5 Nd7 19. Qb3 Qe6 20. Qxb7 Rb8 21. Qxc7 Rec8 22. Qg3 Rxb2 23. h4 Rb3 24. Rcd1 Nf6 25. Nf4 Qd7 26. a4 Rb4 27. Bb5 Qf5 28. Qg5 Ne7 29. Qg2 Nh5 30. Bd3 Nxf4 31. Bxf5 Nxg2 32. Bxc8 Nxe3 33. fxe3 Nxc8 34. Rb1 Rxb1 35. Rxb1 Ne7 36. Rb8+ Bf8 37. Rb7 Nc6 38. Rc7 Nb4 39. Rxa7 Nc2 40. c6 Bd6 41. Rd7 Bg3 42. Kg2 Nb4 43. Kxg3 Nxc6 44. Rxd5 Kf8 45. Rc5 Ne7 46. a5 Ke8 47. a6 1-0

[Event "ITA-ch (Women)"]
[Site "Bratto"]
[Date "2008.08.29"]
[Round "8"]
[White "Chierici, Marianna"]
[Black "Zanaboni, Alessandra"]
[Result "1/2-1/2"]
[WhiteElo "2037"]
[BlackElo "1581"]
[PlyCount "42"]
[EventDate "2008.08.22"]
[EventType "swiss"]
[EventRounds "9"]
[EventCountry "ITA"]
[SourceTitle "CBM 126 Extra"]
[Source "ChessBase"]
[SourceDate "2008.11.05"]
[SourceVersion "1"]
[SourceVersionDate "2008.11.05"]
[SourceQuality "1"]

1. Nf3 Nf6 2. g3 g6 3. Bg2 Bg7 4. b3 0-0 5. Bb2 b6 6. Ne5 c6 7. d4 Qc7 8. c4 Bb7 9. Nc3 a6 10. Nd3 c5 11. d5 e6 12. Nf4 exd5 13. Ncxd5 Nxd5 14. Nxd5 Bxd5 15. Bxd5 Bxb2 16. Bxa8 Bxa1 17. Qxa1 Nc6 18. Bxc6 Qxc6 19. f3 d5 20. cxd5 Qxd5 21. Kf2 Rd8 1/2-1/2

[Event "ITA-ch (Women)"]
[Site "Bratto"]
[Date "2008.08.28"]
[Round "7"]
[White "Messina, Roberta"]
[Black "Chierici, Marianna"]
[Result "1-0"]
[WhiteElo "1904"]
[BlackElo "2037"]
[PlyCount "59"]
[EventDate "2008.08.22"]
[EventType "swiss"]
[EventRounds "9"]
[EventCountry "ITA"]
[SourceTitle "CBM 126 Extra"]
[Source "ChessBase"]
[SourceDate "2008.11.05"]
[SourceVersion "1"]
[SourceVersionDate "2008.11.05"]
[SourceQuality "1"]

1. e4 c5 2. Nc3 Nc6 3. f4 d6 4. Nf3 Nf6 5. Bc4 e6 6. d3 a6 7. a4 Be7 8. Ba2 Rb8 9. 0-0 0-0 10. Qe1 Nb4 11. Bb3 b5 12. e5 Ne8 13. axb5 axb5 14. Bd2 d5 15. Ne2 Nc6 16. c3 c4 17. Bc2 cxd3 18. Bxd3 f5 19. exf6 gxf6 20. Ned4 Nxd4 21. Nxd4 Nc7 22. Nc6 Qd6 23. Nxb8 Qb6+ 24. Be3 Qxb8 25. Qg3+ Kh8 26. Qh4 Rf7 27. Rf3 e5 28. fxe5 fxe5 29. Qh5 Rg7 30. Qxe5 1-0

[Event "ITA-ch (Women)"]
[Site "Bratto"]
[Date "2008.08.27"]
[Round "6"]
[White "Chierici, Marianna"]
[Black "Tonel, Giulia"]
[Result "1/2-1/2"]
[WhiteElo "2037"]
[BlackElo "1983"]
[PlyCount "153"]
[EventDate "2008.08.22"]
[EventType "swiss"]
[EventRounds "9"]
[EventCountry "ITA"]
[SourceTitle "CBM 126 Extra"]
[Source "ChessBase"]
[SourceDate "2008.11.05"]
[SourceVersion "1"]
[SourceVersionDate "2008.11.05"]
[SourceQuality "1"]

1. Nf3 d5 2. g3 Nf6 3. Bg2 c5 4. b3 Nc6 5. Bb2 e6 6. c4 b6 7. d3 Bb7 8. 0-0 Bd6 9. Nc3 0-0 10. cxd5 exd5 11. d4 Re8 12. Re1 a6 13. e3 b5 14. dxc5 Bxc5 15. Rc1 Bb6 16. Ne2 Ne4 17. Ned4 Ne7 18. Ne5 Ng6 19. Nd3 f6 20. Nf4 Ne5 21. Nde6 Qe7 22. Bd4 Ba5 23. f3 Nd6 24. b4 Bd8 25. Bc5 Kh8 26. e4 g5 27. Nxd8 Raxd8 28. Nxd5 Qf7 29. Bb6 Rd7 30. Bh3 g4 31. fxg4 Ndc4 32. Bc5 Bxd5 33. exd5 Rxd5 34. Qe2 Rd2 35. Qe4 Red8 36. Rf1 Qe6 37. Rce1 Rxa2 38. Qf5 Qxf5 39. Rxf5 Nd2 40. Bg2 Nd3 41. Be7 Nxe1 42. Bxf6+ Kg8 43. Bxd8 Nxg2 44. Kxg2 Rb2 45. Be7 Nb3+ 46. Kh3 Nd4 47. Rf4 Nc6 48. Rf8+ Kg7 49. Bf6+ Kxf8 50. Bxb2 Nxb4 51. Ba3 a5 52. Kg2 Kf7 53. Kf3 Nc2 54. Bb2 a4 55. Ke2 Nb4 56. Ke3 Nc6 57. Kd3 Ke6 58. h4 Kd5 59. g5 b4 60. h5 a3 61. Ba1 Ne5+ 62. Kc2 Nf7 63. g6 hxg6 64. hxg6 Nh6 65. Bg7 Ng8 66. Kb3 Ke4 67. Bf8 Kf3 68. Bd6 Kg4 69. g7 Kf5 70. Bxb4 Kg6 71. Bc3 Kf7 72. Kxa3 Nh6 73. Kb4 Nf5 74. g4 Nxg7 75. Kc4 Kg6 76. Bd2 Nh5 77. Bg5 1/2-1/2